14 Peaks Over 8000m on a Map - Statistics

General Stats
  • This quiz has been taken 398 times
  • The average score is 10 of 14
Answers on the Map
Answers color-coded by a green-red scale on the quiz's map according to % correct below.
 
Answer Stats
Hint Answer % Correct
8848m / 29028ft Everest
100%
8611m / 28250ft K2
98%
8516m / 27940ft Lhotse
83%
8163m / 26781ft Manaslu
70%
8047m / 26400ft Broad Peak
69%
8463m / 27766ft Makalu
69%
8201m / 26906ft Cho Oyu
67%
8125m / 26660ft Nanga Parbat
66%
8068m / 26469ft Gasherbrum I
60%
8586m / 28169ft Kanchenjunga
60%
8091m / 26545ft Annapurna I
59%
8035m / 26362ft Gasherbrum II
59%
8167m / 26795ft Dhaulagiri
56%
8012m / 26285ft Shishapangma
54%
No matching quizzes found
Score Distribution
Percent of People with Each Score
Percentile by Number Answered
Your Score History
You have not taken this quiz